JHCSC Library Logo Welcome to JHCSC LibraryWhere Every Page Begins a New Adventure.    Vision: A leading public higher education institution serving the ASEAN community through quality, innovative, and culture-sensitive programs.    Mission: To provide relevant and responsive programs in Agriculture, Education, and other fields aligned with its vision. It undertakes applied research, extension, and production services that yield practical and lasting solutions to sector-specific challenges, improving the socio-economic well-being of identified communities.

Financial Programming (Record no. 11352)

MARC details
000 -LEADER
fixed length control field 00470nam a22001577a 4500
005 - DATE AND TIME OF LATEST TRANSACTION
control field 20260219020053.0
008 - FIXED-LENGTH DATA ELEMENTS--GENERAL INFORMATION
fixed length control field 260219b |||||||| |||| 00| 0 eng d
020 ## - INTERNATIONAL STANDARD BOOK NUMBER
International Standard Book Number 971 08 6261 8
040 ## - CATALOGING SOURCE
Transcribing agency JHCSC
082 ## - DEWEY DECIMAL CLASSIFICATION NUMBER
Edition number 005.3
100 ## - MAIN ENTRY--PERSONAL NAME
9 (RLIN) 10165
Personal name Ricardo M. Harina
Relator term Author
245 ## - TITLE STATEMENT
Title Financial Programming
Remainder of title For Business and Cooperatives
260 ## - PUBLICATION, DISTRIBUTION, ETC.
Place of publication, distribution, etc. Mandaluyong City
Name of publisher, distributor, etc. Cacho Hermanos, Inc
Date of publication, distribution, etc. 2002
300 ## - PHYSICAL DESCRIPTION
Extent vii, 489 pages
Other physical details Includes Illustrations
942 ## - ADDED ENTRY ELEMENTS (KOHA)
Source of classification or shelving scheme Dewey Decimal Classification
Koha item type Book
Holdings
Withdrawn status Lost status Source of classification or shelving scheme Damaged status Not for loan Collection code Home library Current library Shelving location Date acquired Total Checkouts Full call number Barcode Date last seen Price effective from Koha item type
    Dewey Decimal Classification     Information Technology JHCSC - Canuto MS Enero Campus Library JHCSC - Canuto MS Enero Campus Library Circulation 11/11/2013   005.3 H281 2002 2013 426 02/19/2026 02/19/2026 Book
    Dewey Decimal Classification     Information Technology JHCSC - Main Campus Library JHCSC - Main Campus Library Circulation 11/11/2013   005.3 H281 2002 0025 02/23/2026 02/19/2026 Book
© J.H. Cerilles State College | All Rights Reserved
Designed by Terhevic L. Bation & Gerald Biad, Library IT Staff